| 000 | 00715nam a2200217 4500 | ||
|---|---|---|---|
| 999 |
_c9156 _d9156 |
||
| 001 | 9156 | ||
| 003 | BD-JhCC | ||
| 005 | 20180310113302.0 | ||
| 008 | 180310b1962 bg ||||| |||| 00| 0 ben d | ||
| 035 | _a(BD-JhCC)9156 | ||
| 040 |
_aBD-JhCC _dBD-JhCC |
||
| 041 | _aben | ||
| 082 |
_a928 _bULL 1962 |
||
| 100 | _aউল্লাহ, আলহাজ্জ খান বাহাদুর আহছান | ||
| 245 |
_aজীবন স্মৃতি / _cআলহাজ্জ খান বাহাদুর আহছান উল্লাহ |
||
| 260 |
_aঢাকা : _bফেভারিট বুকস _c1962. |
||
| 300 |
_a227 p. : _c18 cm. |
||
| 650 | _aAutobiography | ||
| 942 |
_2ddc _cBK |
||